Wars Involving Russia - Statistics

General Stats
  • This quiz has been taken 509 times
    268 since last reset
  • The average score is 38 of 165
Answer Stats
Year Russian Government Opponent Result Answer % Correct
1914-1918 Russian Empire GermanyAustria-Hungary Ottoman Empire Bulgaria Defeat World War One
86%
1939-1945 Soviet Union PolandAxis Powers Finland Estonia Latvia Lithuania Victory World War Two
86%
1917-1921 Russian SFSR UkraineGermany Poland White Movement Romania France Greece Victory Ukrainian war of Independence
76%
1905-1907 Russian Empire RevolutionariesPeasants Victory Russian Revolution
73%
1917-1920 Russian SFSR Alash AutonomyWith Movement Victory Kazakhstan Campaign
72%
1916-1934 Russian EmpireRussian SFSR Soviet Union BasmachiKhiva Bukhara Afghanistan Victory Central Asian Revolt
71%
1918-1920 Russian SFSR EstoniaLatvia United Kingdom White Movement Scandinavian Volunteers Defeat Estonian War of Independence
71%
1918 Russian SFSR FinlandGermany Defeat Finnish Civil War
71%
1918-1920 Russian SFSR LatviaEstonia Lithuania Poland Germany Defeat Latvian War of Independence
71%
1917-1922 Russian SFSR White MovementAllied Powers Mongolia Various Rebels Victory Russian Civil War
71%
1853-1856 Russian Empire FranceBritain Sardinia Ottoman Empire Defeat Crimean War
64%
1994-1996 Russian Federation Chechnya Mujahideen Defeat 1st Chechen War
54%
1999-2009 Russian Federation Chechen RebelsMujahideen Victory 2nd Chechen War
54%
1950-1953 Soviet Union South KoreaUnited Nations Command Compromise Korean War
52%
1955-1975 Soviet Union South VietnamUnited States South Korea Australia New Zealand Laos Cambodia Thailand Philippines Victory Vietnam War
50%
1799-1802 Russian Empire France Spain Denmark-Norway Polish Legions Various French Clients Defeat War of the 2nd Coalition
50%
1803-1806 Russian Empire FranceVarious French Clients Defeat War of the 3rd Coalition
50%
1806-1807 Russian Empire FranceSpain Confederation of the Rhine Italy Naples Polish Legions Various French Clients Defeat War of the 4th Coalition
50%
1809 Russian Empire AustriaUnited Kingdom Sicily Sardinia Victory War of the 5th Coalition
50%
1813-1814 Russian Empire FranceVarious French Clients Victory War of the 6th Coalition
50%
1815 Russian Empire FranceNaples Victory War of the 7th Coalition
50%
1932-1941 Soviet Union JapanManchuria Victory Soviet-Japanese Border Conflict
49%
1807-1812 Russian Empire United Kingdom Inconclusive Anglo-Russian War
48%
1812 Russian Empire FranceVarious French Clients Victory French Invasion of Russia
47%
1863-1864 Russian Empire PolesLithuanians Ukrainians Victory January Uprising
47%
1904-1905 Russian Empire Japan Defeat Russo-Japanese War
47%
2015-Present Russian Federation ISILSyrian Opposition Ongoing Syrian Civil War
47%
1921 Russian SFSR Georgia Victory Invasion of Georgia
46%
1944-1953 Soviet Union Ukrainians Victory Guerrilla War in Ukraine
43%
2014-Present Russian Federation Ukraine Ongoing Donbass War
40%
1877-1878 Russian Empire Ottoman Empire Victory Alexander II's Turkish War
39%
1897-1898 Russian Empire Ottoman Empire Victory Cretan Revolt
39%
1683-1700 Tsardom of Russia Ottoman Empire Crimean Khanate Victory Great Turkish War
39%
1827 Russian Empire Ottoman Empire Victory Greek War of Independence
39%
1828-1829 Russian Empire Ottoman Empire Victory Nicholas I's Turkish War
39%
1735-1739 Russian Empire Ottoman Empire Crimea Victory Russo-Austro-Turkish War
39%
1806-1812 Russian Empire Ottoman Empire Victory Alexander I's Turkish War
38%
1768-1774 Russian Empire Ottoman Empire Crimea Victory Catherine the Great's 1st Turkish War
38%
1787-1792 Russian Empire Ottoman Empire Victory Catherine the Great's 2nd Turkish War
38%
1676-1681 Tsardom of Russia Ottoman Empire Crimean Khanate Inconclusive Feodor III's Turkish War
38%
1919-1921 Russian SFSR PolandUkrainian Rebels Defeat Polish-Soviet War
37%
1924 Soviet Union Georgian Rebels Victory August Uprising
36%
1918-1920 Russian SFSR Transcaucasia Georgia Defeat Georgian-Ossetian Conflict
36%
2022-Present Russian Federation Ukraine Ongoing Invasion of Ukraine
35%
2008 Russian Federation Georgia Victory Russo-Georgian War
35%
1930 Soviet Union Basmachi Victory Intervention in Afghanistan
33%
1925-1926 Soviet Union Afghanistan Compromise Urtatagai Conflict
33%
1651-1653 Tsardom of Russia Persia Defeat Alexis I's Persian War
31%
1979-1989 Soviet Union Mujahideen Defeat Soviet-Afghan War
31%
1956 Soviet Union Hungarian Revolutionaries Victory Hungarian Revolution
29%
1654-1667 Tsardom of Russia Poland-LithuaniaCrimean Khanate Victory 1st Northern War
28%
1656-1658 Tsardom of Russia Sweden Inconclusive 2nd Northern War
28%
1899-1901 Russian Empire BoxersChina Victory Boxer Rebellion
28%
1700-1721 Tsardom of Russia SwedenHolstein-Gottorp Poland-Lithuania Turkey Cossack Hetmanate Great Britain Victory Great Northern War
28%
1946-1954 Soviet Union FranceSouth Vietnam Cambodia Laos Victory 1st Indochina War
27%
1756-1763 Russian Empire PrussiaBritain Hanover Brunswick-Wolfenbuttel Hesse Kassel Schuamburg-Lippe Iroquois Confederacy White Peace 7 Years War
26%
1610-1617 Tsardom of Russia Sweden Defeat Ingrian War
26%
1920 Russian SFSR Armenia Victory Invasion of Armenia
26%
1554-1557 Tsardom of Russia Sweden Inconclusive Ivan The Terrible's Swedish War
26%
1826-1828 Russian Empire Persia Victory Nicholas I's Persian War
26%
1804-1813 Russian Empire Persia Victory Alexander I's Persian War
25%
1590-1595 Tsardom of Russia Sweden Inconclusive Boris Gudonov's Swedish War
25%
1788-1790 Russian Empire Sweden Inconclusive Catherine the Great's Swedish War
25%
1920 Russian SFSR Azerbaijan Victory Invasion of Azerbaijan
25%
1937 Soviet Union China Victory Islamic Rebellion In Xinjiang
25%
1830-1831 Russian Empire Poland Victory November Uprising
25%
1796 Russian Empire Persia Defeat Persian Expedition of Catherine the Great
25%
1722-1723 Russian Empire Persia Victory Persian Expedition of Peter the Great
25%
1768-1772 Russian Empire FranceBar Confederation Victory War of the Bar Confederation
25%
1969 Soviet Union China Inconclusive Zhenbao Island Incident
25%
1632-1634 Tsardom of Russia Poland-Lithuania Defeat Smolensk War
24%
1918-1919 Russian SFSR Lithuania Defeat Lithuanian-Soviet War
23%
1605-1618 Tsardom of Russia Poland-Lithuania Inconclusive Polish Invasions of Russia
23%
1866 Russian Empire Poles Victory Polish Rebellion in Siberia
23%
1552-1556 Tsardom of Russia Tatars Victory Tatar Rebellion
22%
1975-1991 Soviet Union Angolan RebelsSouth Africa Inconclusive Angolan Civil War
20%
967-971 Kievan Rus Byzantine Empire Defeat Sviatoslav's Invasion of Bulgaria
20%
907 Kievan Rus Byzantine Empire Victory 1st Rus-Byzantine War
19%
941 Kievan Rus Byzantine Empire Defeat 2nd Rus-Byzantine War
19%
944-945 Kievan Rus Byzantine Empire Victory 3rd Rus-Byzantine War
19%
987 Kievan Rus Byzantine Empire Victory 5th Rus-Byzantine War
19%
1024 Kievan Rus Byzantine Empire Defeat 6th Rus-Byzantine War
19%
1043 Kievan Rus Byzantine Empire Defeat 7th Rus-Byzantine War
19%
1223-1240 Kievan Rus Mongol Empire Defeat Mongol Invasion of Rus
19%
1929 Soviet Union China Victory Sino-Soviet Conflict
19%
1968 Soviet Union Czechoslovakia Victory Invasion of Czechoslovakia
18%
1568-1570 Tsardom of Russia Ottoman Empire Crimean Khanate Victory Astrakhan Expedition
16%
1558-1583 Tsardom of Russia Livonian OrderDenmark-Norway Sweden Poland-Lithuania Defeat Livonian War
16%
1969-1970 Soviet Union Israel Inconclusive War of Attrition
16%
1808-1809 Russian Empire Sweden Victory Finnish War
15%
1992 Russian Federation Moldova Victory Transnistria War
15%
1974-1991 Soviet Union Eritrea Defeat Eritrean War of Independence
14%
1552 Tsardom of Russia Khanate of Kazan Victory Siege of Kazan
14%
1999 Russian Federation Islamic Extremists Victory War of Dagestan
14%
1817-1864 Russian Empire Caucasian ImamateCircassia Big Kabarda Abkhazia Kazi Kumukh Dagestan Avaria Svaneti Victory Caucasian War
13%
1991-1993 Russian Federation Georgian Rebels Victory Georgian Civil War
13%
1570-1572 Tsardom of Russia Crimean Khanate Victory Ivan the Terrible's Crimean War
13%
1991-1993 Russian Federation Georgia Victory War in Abkhazia
13%
1740-1748 Russian Empire PrussiaSpain France Bavaria Saxony Naples & Sicily Genoa Sweden Inconclusive War of Austria Succession
12%
1681-1684 Tsardom of Russia Bashkir Rebels Compromise 2nd Bashkir Rebellion
11%
1704-1711 Tsardom of Russia Bashkir Rebels Compromise 3rd Bashkir Rebellion
11%
1735-1740 Russian Empire Bashkir Rebels Victory 4th Bashkir Rebellion
11%
1717-1847 Tsardom of RussiaRussian Empire KazakhstanKyrgyz Tribes Khanate of Khiva Victory Kazakh-Russian Conflicts
11%
1919-1923 Russian SFSR GreeceUnited Kingdom Armenia Victory Turkish War of Independence
11%
1953 Soviet Union German Protesters Victory East German Uprising
10%
1580-1782 Tsardom of RussiaRussian Empire Khanate of Sibir Siberian Peoples Victory Russian Conquest of Siberia
10%
1505-1507 Grand Duchy of Moscow Kazan Khanate Inconclusive Russo-Kazan War
10%
1651-1689 Tsardom of Russia ChinaKorea Defeat Sino-Russian Border Conflicts
10%
1992-1997 Russian Federation Tajik OppositionTaliban Victory Tajikistani Civil War
10%
1944-1956 Soviet Union EstoniansLatvians Lithuanians Victory Guerrilla War in the Baltic States
9%
1478 Grand Duchy of Moscow Khanate of Kazan Victory Siege of Kazan
9%
1924 Soviet Union Romania Defeat Tartarbunary Uprising
9%
1929 Soviet Union BasmachiSaqqawists Defeat Afghan Civil War (1928-1929)
8%
1825 Russian Empire Decembrist Rebels Victory Decembrist Revolt
8%
1839-1895 Russian Empire KazakhstanBukhara Khiva Kokand Turkmen Tribes Kyrgyz Tribes Afghanistan Victory Russian Conquest of Central Asia
7%
1733-1738 Russian Empire PolandFrance Spain Sardinia Inconclusive War of Polish Succession
7%
1147 Kievan Rus Prussians (Old Prussians) Victory Bolesaw IV the Curly's Raid on Old Prussia
6%
1992 Russian Federation Ingush Rebels Victory East Prigorodny Conflict
6%
1841 Russian Empire Gurian Rebels Victory Gurian Rebellion
6%
1773-1775 Russian Empire Rebels under PugachevOttoman Empire Victory Pugachev's Rebellion
6%
1556 Tsardom of Russia Astrakhan Khanate Victory Russian Conquest of Astrakhan
6%
1606-1607 Tsardom of Russia Rebels led by Ivan Bolonikov Victory Bolonikov Rebellion
5%
1977-1978 Soviet Union Somalia Victory Ethio-Somali War
5%
2009-2017 Russian Federation Caucasus Rebels Victory Insurgency in North Caucasus
5%
1717 Tsardom of Russia Khanate of Khiva Defeat Peter the Great's Khivan War
5%
1467-1469 Grand Duchy of Moscow Khanate of Kazan Victory Qasim War
5%
1495-1497 Grand Duchy of Moscow Sweden Inconclusive Russo-Swedish War
5%
1030 Kievan Rus Chud Victory Yaroslav the Wise's Campaign Against Chud
5%
1492-1494 Grand Duchy of Moscow Lithuania Victory 1st Muscovite-Lithuanian War
4%
1500-1503 Grand Duchy of Moscow LithuaniaLivonian Order Victory 2nd Muscovite-Lithuanian War
4%
1507-1508 Grand Duchy of Moscow LithuanianCrimean Khanate Inconclusive 3rd Muscovite-Lithuanian War
4%
1512-1522 Grand Duchy of Moscow LithuaniaPoland Crimean Khanate Victory 4th Muscovite-Lithuanian War
4%
1534-1537 Grand Duchy of Moscow Lithuania Poland Crimean Khanate Inconclusive 5th Muscovite-Lithuanian War
4%
1055-1223 Kievan Rus Cumans Victory Rus-Cumans Campaign
4%
920-1036 Kievan Rus Pecheneges Victory Rus-Pechenegs Campaign
4%
1061 Kievan Rus Sosols Defeat Sosols Raid Against Pskov
4%
1485 Grand Duchy of Moscow Tver Victory Capture of Tver
3%
1792 Russian Empire Poland-Lithuania Victory Catherine the Great's Polish War
3%
1932 Soviet Union Chechen Rebels Victory Chechen Uprising
3%
1438-1445 Grand Duchy of Moscow Khanate of Kazan Defeat Ulugh Mohammed Campaign
3%
1662-1664 Tsardom of Russia Bashkir Rebels Compromise 1st Bashkir Rebellion
2%
1839-1841 Russian Empire EgyptFrance Spain Victory 2nd Turko-Egyptian War
2%
1380 Grand Duchy of Moscow Golden Horde Victory Battle of Kulikovo
2%
1378 Grand Duchy of Moscow Golden Horde Victory Battle of the Vozha River
2%
1377 Grand Duchy of Moscow Golden Horde Defeat Battle on Pyana River
2%
1861 Russian Empire Peasants Victory Bezdna Revolt
2%
1707-1708 Tsardom of Russia Don Cossack Rebels Victory Bulavin Rebellion
2%
1921-1922 Russian SFSR Forrest Guerrillas Victory East Karelian Uprising
2%
1480 Grand Duchy of Moscow Golden Horde Victory Great Stand on the Ugra River
2%
1794 Russian Empire Poland-Lithuania Victory Kosciuszko Uprising
2%
1858 Russian Empire Estonians Victory Mahtra Rebellion
2%
1376 Grand Duchy of Moscow Volga Bulgaria Victory Muscovite-Volga Bulgars War
2%
1905-1911 Russian Empire Iranian Rebels Victory Persian Constitutional Revolution
2%
1670-1671 Tsardom of Russia Cossacks Victory Razin's Rebellion
2%
1842 Russian Empire TatarMari Chuvash Victory Shoorcha Rebellion
2%
1382 Grand Duchy of Moscow Golden Horde Defeat Siege of Moscow
2%
1471 Grand Duchy of Moscow Novgorod Republic Victory Battle of Shelon
1%
1848-1849 Russian Empire PolandVarious Foreign Legions Victory Hungarian Rebellion of 1848
1%
1768-1769 Russian Empire Haidamaky Victory Koliivshchyna Rebellion
1%
1368-1372 Grand Duchy of Moscow Lithuania Tver Inconclusive Lithuanian-Muscovite War
1%
964-965 Kievan Rus Khazer Khanate Victory Sviatoslav's Campaign Against Khazars
1%
985 Kievan Rus Volga Bulgaria Victory Vladimir the Great's Campaign Against Volga Bulgaria
1%
981 Kievan Rus Poland Victory Vladimir the Great's Campaign on Cherven Cities
1%
1022 Kievan Rus Poland Defeat Yaroslav the Wise's Attack on Brest
1%
1030-1031 Kievan Rus Poland Victory Yaroslav the Wise's Campaign on Cherven Cities
1%
No matching quizzes found
Score Distribution
Percent of People with Each Score
Percentile by Number Answered
Your Score History
You have not taken this quiz since the last reset